000 00386nam a2200145Ia 4500
008 230128s9999 xx 000 0 und d
041 _aeng
082 _aPAW PR0431
_bPAW
100 _aPawar Arohi - 2K91108
_9118914
245 _aCapital Budgeting in Manufacturing Sector
260 _c2011
_bPune University
_aPune
300 _a71p
502 _cGogate Ranjana
999 _c97212
_d97212